[Jazykový obraz migrácie v nemeckom masmediálnom diskurze]
Recenzia vedeckej monografie, ktorá poskytuje solídne teoretické východiská a nasmerováva čitateľovu pozornosť na vzájomné prepojenie jazykovej a sociálnej oblasti s ťažiskom na strete kultúr. Za kľúčové možno pokladať súčasti publikácie venované analýze korpusu, smerujúce k získaniu originálnych vý...
Uložené v:
| Hlavný autor: | |
|---|---|
| Médium: | Kapitola |
| Jazyk: | Slovak |
| Predmet: | |
| Tagy: |
Žiadne tagy, Buďte prvý, kto otaguje tento záznam!
|
MARC
| LEADER | 00000naa$a2200000$$$4500 | ||
|---|---|---|---|
| 001 | 0254371 | ||
| 005 | 20240502074050.7 | ||
| 041 | 0 | |a slo | |
| 044 | |a SK | ||
| 245 | 1 | 0 | |a [Jazykový obraz migrácie v nemeckom masmediálnom diskurze] |c Zuzana Gašová |
| 520 | |a Recenzia vedeckej monografie, ktorá poskytuje solídne teoretické východiská a nasmerováva čitateľovu pozornosť na vzájomné prepojenie jazykovej a sociálnej oblasti s ťažiskom na strete kultúr. Za kľúčové možno pokladať súčasti publikácie venované analýze korpusu, smerujúce k získaniu originálnych výstupov bádania. | ||
| 610 | 2 | 0 | |a recenzie |
| 610 | 2 | 0 | |a jazykoveda |
| 610 | 2 | 0 | |a nemčina |
| 610 | 2 | 0 | |a migrácia |
| 610 | 2 | 0 | |a médiá |
| 100 | 1 | |a Gašová, Zuzana, 1977- | |